=LDR 00000nam 2200000 4500 =001 NUTBA000000000004323 =005 20140911094906.0 =006 =007 =008 =020 ##$$a 979-28-0876-6 =035 ##$$0010-091400000000356 =040 ##$$a NBPDMAT =090 ##$$a 507 $b Wig i =100 ##$$a Wigati Hadi Omegawati =245 ##$$a Ilmu pengetahuan alam untuk SD dan MI kelas VI semester 2 / $c Wigati Hadi Omegawati, Waldjinah =260 ##$$a Klaten : $b Intan Pariwara, $c ( 200...? ) =300 ##$$a 63 hlm. : $b ilus. ; $c 27 cm. =650 ##$$a Matematika SMA - Studi dan Pengajaran =700 ##$$a Waldjinah =850 ##$$a NBPDMAT =990 ##$$a 21411197 =990 ##$$a 0001/BPAP-NTB/2015